Warriors: Bluestar's Prophecy: Characters by First Line Quiz Stats

Quiz not verified by Sporcle

Challenge
Share
Tweet
Embed
Score 0/32 Timer 05:00
0 Plays Today
Very First Quote Character % Correct
'Come on!'Snowkit
94.3%
'You opened your eyes.'Moonflower
87.4%
'I'll be the warrior.'Patchkit
81.6%
'I was the mouse last time!'Leopardkit
81.6%
'Shouldn't her eyes be open by now?'Swiftbreeze
80.5%
'Newleaf brings with it new hope and warmth.'Pinestar
77%
'Patchkit and Leopardkit are outside. Let's surprise them!'Bluekit
77%
'Do you want to go out?'Sunfall
74.7%
'What are you doing here?'Stonepelt
72.4%
'We all know no kit can compare with your two.'Poppydawn
71.3%
'Did the great warrior meet his kits?'Goosefeather
71.3%
'Sorry. I just couldn't resist such a sunny spot.'Oakheart
71.3%
'They look better with their eyes open.'Stormtail
70.1%
'ThunderClan brought kits!'Hawkheart
63.2%
'I'm guessing my warrior name will be _________'Crookedpaw
63.2%
'WindClan cats must have killed it this morning.'Adderfang
62.1%
Very First Quote Character % Correct
'If you're apprentices, I don't see why I can't be.'Thistlekit
60.9%
'Once you start your training, you'll be glad to get some sleep.'Dapplepaw
59.8%
'Hawkheart!'Heatherstar
57.5%
'The day I stop hunting is the day you can sit vigil for me.'Mumblefoot
56.3%
'Have you brought mousebile?'Larksong
55.2%
'We'll miss you.'Rosekit
55.2%
'WindClan scent was everywhere!'Thrushpelt
52.9%
'You're apprentices!'Sweetkit
52.9%
'It is with sadness I announce our deputy is moving to the elder's den.'Cedarstar
51.7%
'Let's start.'Hailstar
49.4%
'He insists on hunting everyday.'Weedwhisker
48.3%
'I'll eat your bit.'Lionkit
48.3%
'It's chewy.'Goldenkit
44.8%
'Drifted?'Sparrowpelt
43.7%
'What's going on?'Whitekit
39.1%
'It's Pinestar's den.'Featherwisker
33.3%

You're not logged in!

Compare scores with friends on all Sporcle quizzes.
Join for Free
OR
Log In

You Might Also Like...

Show Comments

Extras

Top Quizzes Today


Score Distribution

Your Account Isn't Verified!

In order to create a playlist on Sporcle, you need to verify the email address you used during registration. Go to your Sporcle Settings to finish the process.

Report this User

Report this user for behavior that violates our Community Guidelines.

Details: